Crises and migration Critical perpectives from Latin America
La crisis y la migración tienen una larga asociación, tanto en el discurso popular y político como en análisis científico social. A pesar de la aparición de manifestaciones más matizadas e incluso festivas cuentas de la movilidad en los últimos años, sigue habiendo un énfasis persistente en la migra...
Gorde:
| Egile nagusia: | |
|---|---|
| Beste egile batzuk: | |
| Formatua: | Liburua |
| Hizkuntza: | Spanish |
| Argitaratua: |
Estados Unidos
Springer
2022
|
| Gaiak: | |
| Etiketak: |
Etiketa erantsi
Etiketarik gabe, Izan zaitez lehena erregistro honi etiketa jartzen!
|
MARC
| LEADER | 00000nam a22000007a 4500 | ||
|---|---|---|---|
| 003 | cru CIDCACS/IIS | ||
| 005 | 20221212112640.0 | ||
| 008 | 221212b2022 us ||||| |||| 00| 0 spa d | ||
| 020 | |a 978-3-031-07058-7 | ||
| 040 | |c cru CIDCACS/IIS | ||
| 090 | |a 14.07.01 C788l | ||
| 100 | 1 | |9 10851 |a Coraza de los Santos, Enrique | |
| 245 | 1 | |a Crises and migration |b Critical perpectives from Latin America |c Enrique Coraza de los Santos y Luis Alfredo Arriola Vega, editores | |
| 260 | |a Estados Unidos |b Springer |c 2022 | ||
| 300 | |a 208 páginas | ||
| 520 | 3 | |a La crisis y la migración tienen una larga asociación, tanto en el discurso popular y político como en análisis científico social. A pesar de la aparición de manifestaciones más matizadas e incluso festivas cuentas de la movilidad en los últimos años, sigue habiendo un énfasis persistente en la migración siendo ya sea un síntoma o una causa de crisis. Además, en el contexto de una serie reciente de titulares situaciones impactantes y políticamente controvertidas, términos como crisis migratoria y crisis la migración están adquiriendo cada vez más actualidad entre los responsables políticos y académicos | |
| 650 | 0 | 0 | |0 TESAUROS |9 299 |a MIGRACION |
| 650 | 0 | 0 | |9 5190 |a POLITICA PRESUPUESTARIA |
| 650 | 0 | 0 | |9 370 |a POLITICA EXTERIOR |
| 650 | 0 | 0 | |9 2520 |a CRISIS |
| 650 | 0 | 0 | |9 9991 |a COVID-19 |
| 700 | 1 | |9 10853 |a Arriola Vega, Luis Alfredo | |
| 942 | |2 z |c LI | ||
| 999 | |c 44666 |d 44666 | ||



